Medzinárodní manažéri a podniková kultúra

Pochopenie vzájomných vzťahov medzi interkulturálnym manažmentom a podnikaním v medzinárodnom prostredí. Ako sa vysvetľuje pojem "kultúra" - definícia pojmu. Podniková kultúra a jej funkcia v medzinárodnom manažmente a podnikaní. Základné prvky, ktoré hrajú dôležitú úlohu pri tvorbe a rozvoji podnik...

Full description

Saved in:
Bibliographic Details
Main Author: Ubrežiová, Iveta
Format: Book Chapter
Language:Slovak
Subjects:
Tags: Add Tag
No Tags, Be the first to tag this record!

MARC

LEADER 00000naa$a2200000$$$4500
001 0049213
005 20231108140957.3
041 0 |a slo 
044 |a SK 
245 1 0 |a Medzinárodní manažéri a podniková kultúra  |c Iveta Ubrežiová 
520 |a Pochopenie vzájomných vzťahov medzi interkulturálnym manažmentom a podnikaním v medzinárodnom prostredí. Ako sa vysvetľuje pojem "kultúra" - definícia pojmu. Podniková kultúra a jej funkcia v medzinárodnom manažmente a podnikaní. Základné prvky, ktoré hrajú dôležitú úlohu pri tvorbe a rozvoji podnikovej kultúry. 
610 2 0 |a kultúra podniková 
610 2 0 |a definície 
610 2 0 |a manažment medzinárodný 
610 2 0 |a podnikanie medzinárodné 
100 1 |a Ubrežiová, Iveta